000 00378nam a22001577a 4500
005 20230625133835.0
008 220506b ||||| |||| 00| 0 eng d
040 _cOCLC
082 _2DDC
_a891.453
_bBOR
100 _aBARUAH, P.K
245 _aMOPACHAR GALPA
_hASSAMESE
250 _aREV
260 _aTINSUKIA
_bMITRA AGENCY
_c1990
300 _a119p;
_c20CM
942 _2ddc
_cBK
999 _c25433
_d25433